| 000 | 00767nam a22002055i 4500 | ||
|---|---|---|---|
| 001 | 167837 | ||
| 003 | ES-MaACL | ||
| 005 | 20230906213615.0 | ||
| 008 | 991130s1878 gw |||| | eng d | ||
| 040 |
_aCCPB | B _bspa _cCCPB | B |
||
| 100 | 1 |
_aWallace, Mackenzie. _9133868 |
|
| 245 | 1 | 0 |
_aRussia / _cby Mackenzie Wallace. |
| 260 |
_aLeipzig : _bBernhard Tauchnitz, _c1878. |
||
| 300 |
_a2 v. ; _c17 cm. |
||
| 490 | 1 |
_aCollection of British authors ; _v1758 ; 1760 |
|
| 752 |
_aAlemania - _dLeipzig |
||
| 830 | 0 |
_aCollection of British authors ; _v1758 ; 1760 _9180703 |
|
| 852 |
_aES-MaACL _jG-12875 _z-- Enc. hol. _z-- Enc. 3 t. en 1 v. _x-- Corregir 300: 3 v. (312; 304;: 287 p.) -- 440: Los nĂºmeros de la serie son 1758; 1759; 1760 |
||
| 999 |
_c167837 _d167837 |
||